Normal view
MARC view
- Drawing
Entry Topical Term
001 - CONTROL NUMBER
- control field: 3464
003 - CONTROL NUMBER IDENTIFIER
- control field: OSt
005 - DATE AND TIME OF LATEST TRANSACTION
- control field: 20220708092512.0
008 - FIXED-LENGTH DATA ELEMENTS
- fixed length control field: 220708|| aca||aabn | a|a d
040 ## - CATALOGING SOURCE
- Original cataloging agency: OSt
- Transcribing agency: OSt
150 ## - HEADING--TOPICAL TERM
- Topical term or geographic name entry element: Drawing
670 ## - SOURCE DATA FOUND
- Source citation: Work cat.: (OSt)5363: Neret G. 3463, Rodin Sculptures & Drawings, 2006